| 000 | 00644nam a2200193 i 4500 | ||
|---|---|---|---|
| 001 | 25233 | ||
| 003 | ES-MaACL | ||
| 007 | t| | ||
| 008 | 021223s1950 sp ||||1| spa d | ||
| 100 | 1 |
_aArán, Santos. _922237 |
|
| 245 | 1 | 3 |
_aEl ganado y sus enfermedades _b: los más modernos y prácticos tratamientos preventivos y curativos / _cpor Santos Arán. |
| 250 | _a4ª ed., renovada y puesta al día. | ||
| 260 |
_aMadrid : _b[s.n., _c1950] ( _fGráf. Yagües) |
||
| 300 |
_a485 p. : _bil. ; _c22 cm. |
||
| 490 | 1 | _aBiblioteca pecuaría | |
| 830 | 0 |
_aBiblioteca pecuaría _9180962 |
|
| 852 |
_aES-MaACL _jB-360 _bR.29585 |
||
| 999 |
_c25233 _d25233 |
||